000 00336nam a22001337a 4500
003 SGT
020 _a978-81-909885-6-3
100 _aSINGH, SUKHDEV
245 _aA TEXT BOOK OF ELEMENTRY BIOCHEMISTRY & CLINICAL PATHOLOGY
250 _a1st
260 _aS, VIKASH
_bPUNJAB
_c2019
650 _aBIOCHEMISTRY, PATHOLOGY
942 _2ddc
_cBK
999 _c24703
_d24703